000 00393nam a22001337a 4500
020 _qPB.
040 _cFIZZA ISHAQ
082 _a330.1
_bROC
100 _a Rockwell , Llewellyn H.
_9132172
245 _aThe Economics of Liberty /
_cLlewellyn H. Rockwell.
260 _aNEW YORK:
_bLUDWIG VON Mises Institute,
_c1990.
300 _aIndex Inc 392 P. ;
_c21.3 X 13.8 X 2.5cm
942 _2ddc
_cBK
999 _c615444
_d615444